000 003160000a22000970004500
100 1 _aBlenkinsopp, Joseph (1927-)
245 1 0 _aThe bible, archaeology and politics, or the empty land revisited
300 _aVol. 27, Núm 2 (2002), Páginas 169-187
773 0 _tJournal for the Study of the Old Testament
942 _cANA
999 _c54985
_d54985